000 00545cas1a220016900 4500
001 zam00003888
008 951212n xx eng u
022 _a0003-1305
035 _a(Sirsi) r21196
050 _aHA1.A5S7
245 0 0 _aAmerican Statistician.
260 _aWashington, D.C :
_bAmerican Statistical Association
310 _aQuarterly.
362 _aVol. 24, No.1, 1970 - Vol. 45, No. 3, 1991
520 _aThis journal has information on teaching materials and statistical computing software
650 _aStatistics.
_6S176.1
999 _c10234
_d10234